Street Corner Secrets Sex, Work, And Migration In The City Of Mumbai (Record no. 36142)

MARC details
000 -LEADER
fixed length control field 00525nam a2200193Ia 4500
008 - FIXED-LENGTH DATA ELEMENTS--GENERAL INFORMATION
fixed length control field 220531s9999 xx 000 0 und d
041 ## - LANGUAGE CODE
Language code of text/sound track or separate title eng
082 ## - DEWEY DECIMAL CLASSIFICATION NUMBER
Item number SHA
100 ## - MAIN ENTRY--PERSONAL NAME
Personal name Shah, S. P.
9 (RLIN) 63656
245 ## - TITLE STATEMENT
Title Street Corner Secrets Sex, Work, And Migration In The City Of Mumbai
250 ## - EDITION STATEMENT
Edition statement 1ST
260 ## - PUBLICATION, DISTRIBUTION, ETC. (IMPRINT)
Place of publication, distribution, etc. New Delhi
Name of publisher, distributor, etc. Orient Black Swan
Date of publication, distribution, etc. 2014
300 ## - PHYSICAL DESCRIPTION
Extent 258
542 ## - INFORMATION RELATING TO COPYRIGHT STATUS
Copyright holder 23-03-2015
551 ## -
-- Sociology
-- Grantable-SCO
650 ## - SUBJECT ADDED ENTRY--TOPICAL TERM
Topical term or geographic name as entry element Sociology
9 (RLIN) 63657
906 ## - LOCAL DATA ELEMENT F, LDF (RLIN)
d 2014-2015
f 6531
Holdings
Withdrawn status Lost status Source of classification or shelving scheme Damaged status Not for loan Collection code Home library Current library Date acquired Vendor Cost, normal purchase price Total Checkouts Total Holds Full call number Barcode Date last seen Bill Date Koha item type Original Barcode
    Dewey Decimal Classification       Shri Siddhivinayak Mahila Mahavidyalaya Shri Siddhivinayak Mahila Mahavidyalaya 31/03/2015 Systems Sales 785.00   1 /SHA/B/17145 SSMM-BK-17145 06/08/2022 06/08/2022 Books 010017145